Clasificación decimal universal : (Record no. 191507)

MARC details
000 -LEADER
campo de control de longitud fija 01058nam a2200277 4500
001 - NÚMERO DE CONTROL
campo de control 191507
003 - IDENTIFICADOR DE NÚMERO DE CONTROL
campo de control SpMaBN
005 - FECHA Y HORA DE LA ÚLTIMA TRANSACCIÓN
campo de control 20250727150807.0
008 - DATOS DE LONGITUD FIJA--INFORMACIÓN GENERAL
campo de control de longitud fija 220926s2004 sp | ||| ||spa
016 7# - NÚMERO DE CONTROL DE UNA AGENCIA BIBLIOGRÁFICA NACIONAL
Número de control del registro bimoBNE20050809298 [
Fuente SpMaBN]
017 ## - NÚMERO DE COPYRIGHT O DE DEPÓSITO LEGAL
Número de copyright o de depósito legal M 46843-2004
Agencia que asigna Oficina Depósito Legal Madrid
020 ## - NÚMERO INTERNACIONAL ESTÁNDAR DEL LIBRO
Número Internacional Estándar del Libro 84-8143-411-6
035 ## - NÚMERO DE CONTROL DEL SISTEMA
Número de control de sistema (OCoLC)63697409
040 ## - FUENTE DE CATALOGACIÓN
Centro catalogador/agencia de origen SpMaBN
Lengua de catalogación spa
Centro/agencia transcriptor SpMaBN
Normas de descripción rdc
080 ## - NÚMERO DE LA CLASIFICACIÓN DECIMAL UNIVERSAL
Número de la Clasificación Decimal Universal 025.45 CDU (083.74)
245 00 - MENCIÓN DEL TÍTULO
Título Clasificación decimal universal :
Resto del título (CDU) /
Mención de responsabilidad, etc. traducción del Master Reference File realizada por el Centro de Información y Documentación Científica (CINDOC) ; adaptada por Rosa San Segundo Manuel.
246 30 - FORMA VARIANTE DEL TITULO
Título propio/Titulo breve CDU
250 ## - MENCION DE EDICION
Mención de edición Ed. de bolsillo.
260 ## - PUBLICACIÓN, DISTRIBUCIÓN, ETC.
Lugar de publicación, distribución, etc. Madrid :
Nombre del editor, distribuidor, etc. AENOR,
Fecha de publicación, distribución, etc. [2004]
300 ## - DESCRIPCIÓN FÍSICA
Extensión 312 p. ;
Dimensiones 18 cm.
650 #7 - PUNTO DE ACCESO ADICIONAL DE MATERIA--TÉRMINO DE MATERIA
Término de materia o nombre geográfico como elemento de entrada Clasificación decimal universal
Fuente del encabezamiento o término embne
9 (RLIN) 164660
700 1# - ENTRADA AGREGADA--NOMBRE PERSONAL
Nombre de persona San Segundo Manuel, Rosa
9 (RLIN) 175278
710 2# - ENTRADA AGREGADA--NOMBRE DE ENTIDAD CORPORATIVA
Nombre de entidad corporativa o nombre de jurisdicción como elemento de entrada Centro de Información y Documentación Científica (España)
9 (RLIN) 137802
852 ## - LOCALIZACIÓN
Ubicación ES-MaACL
Número de control de estantería 025.45 CDU (2004)
Holdings
Estatus retirado Estado de pérdida Fuente del sistema de clasificación o colocación Estado de daño No para préstamo Colección Biblioteca de origen Biblioteca actual Ubicación en estantería Fecha de adquisición Total de préstamos Signatura topográfica completa Código de barras Visto por última vez Precio de reemplazo Tipo de ítem Koha
    Clasificación decimal universal     Biblioteca profesional Biblioteca del Ateneo de Madrid Biblioteca del Ateneo de Madrid Despachos-biblioteca 26/09/2022   025.45 CDU (2004) 1203878 23/02/2023 23/02/2023 Libro impreso